000 00464cam a2200193ua 4500
001 2493
008 110823n ii |||gr||||Z||||||asm
020 _a81-7206-044-5
040 _cMAIN
082 _a398.054162
100 1 _aGoswami, Suren,
245 1 _aSahitya aru sanskriti
_cby Suren Goswami
250 _a2nd.
260 _aDibrugarh:
_bBani Mandir,995.
300 _a111p:
_c23cm.
653 _aFolklore
653 _aSahitya aru sanskriti
942 _cBK
999 _c2347
_d2347